Normal view
MARC view
Entry Personal Name
001 - CONTROL NUMBER
- control field: 44928
003 - CONTROL NUMBER IDENTIFIER
- control field: dpl
005 - DATE AND TIME OF LATEST TRANSACTION
- control field: 20120410151414.0
008 - FIXED-LENGTH DATA ELEMENTS
- fixed length control field: 120410|||a|||||| | ||| d
040 ## - CATALOGING SOURCE
- Original cataloging agency: dpl
- Transcribing agency: dpl
100 ## - HEADING--PERSONAL NAME
- Personal name: पाण्डेय, तेजस्कर
670 ## - SOURCE DATA FOUND
- Source citation: Work cat.: (dpl): पाण्डेय, तेजस्कर, समाज कार्य /, 2001
670 ## - SOURCE DATA FOUND
- Source citation: Work cat.: (dpl): पाण्डेय, तेजस्कर, समाज कार्य /, 2001
